Matemática 1 : iniciación a la creatividad /
Guardado en:
| Autor Principal: | |
|---|---|
| Formato: | Libro |
| Publicado: |
Buenos Aires :
Kapelusz,
1993
|
| Materias: | |
| Etiquetas: |
Agregar Etiqueta
Sin Etiquetas, Sea el primero en etiquetar este registro!
|
| LEADER | 00845nam a22001935a 4500 | ||
|---|---|---|---|
| 001 | CEM.cems017774 | ||
| 005 | 20120326105814.0 | ||
| 008 | 130507s1993##################000#0#####d | ||
| 003 | CEMS | ||
| 020 | |a 9501327930 | ||
| 082 | 0 | 4 | |a 510 |
| 100 | 1 | |a Santaló, Luis A. | |
| 245 | 1 | 0 | |a Matemática 1 : |b iniciación a la creatividad / |c Luis A. Santaló |
| 260 | |a Buenos Aires : |b Kapelusz, |c 1993 | ||
| 300 | |a 177 p. | ||
| 505 | 0 | |a Los números naturales y los números enteros -- Divisibilidad -- Números muy grandes y números muy pequeños -- Los números racionales -- Los números irracionales -- Rectas, ángulos y polígonos -- Circunferencia y círculo -- Coordenadas y representaciones gráficas -- Estadística -- Poliedros | |
| 653 | |a Matemática | ||
| 653 | |a Matemática-egb | ||
| 859 | |a CEMS |b BIB. CEMS - Agricultura |h 510 |i Sa592 |p A1534.12 |t Ej.1 |v 1 |3 1 | ||
